[Event "PRVA LIGA CENTRALNE SRBIJE 2014"]
[Site "Kraljevo"]
[Date "2014.09.13"]
[Round "1.6"]
[White "Madjar, Stanislav"]
[Black "Bozic, Milan"]
[Result "1/2-1/2"]
[WhiteElo "2162"]
[BlackElo "2412"]
[PlyCount "119"]
[EventDate "2014.09.13"]

1. c4 d6 2. Nc3 c6 3. g3 e5 4. Bg2 Nf6 5. d4 Be7 6. dxe5 dxe5 7. Qxd8+ Bxd8 8.
Nf3 Bc7 9. O-O O-O 10. b3 Re8 11. e3 Nbd7 12. Ba3 Rb8 13. Rac1 Nf8 14. Ng5 Bf5
15. Nge4 Nxe4 16. Nxe4 Rbd8 17. Rfd1 Bxe4 18. Bxe4 g6 19. Bxf8 Kxf8 20. Bc2 f5
21. Rxd8 Bxd8 22. Rd1 Ke7 23. Kf1 Ba5 24. Ke2 Bb4 25. a4 Rc8 26. f3 Ke6 27. Bb1
a6 28. Bd3 Rf8 29. Kf2 e4 30. Bb1 exf3 31. Kxf3 Bc5 32. Bd3 a5 33. Bf1 g5 34.
Bg2 h5 35. Ke2 Bb6 36. Rf1 Bc7 37. e4 f4 38. h3 Ke5 39. gxf4+ Rxf4 40. Rxf4
Kxf4 41. Bf3 g4 42. hxg4 h4 43. Kf2 Bb6+ 44. Ke2 Bd4 45. Bh1 Be5 46. Kf2 Kxg4
47. Bf3+ Kf4 48. Bd1 Kxe4 49. Kg2 Kd4 50. Kh3 Bf6 51. c5 Be7 52. Bg4 Kxc5 53.
Bc8 Kb6 54. Kg4 Kc7 55. Be6 Bf6 56. Kh3 Kd6 57. Bg8 Kc5 58. Be6 Kb4 59. Bd7 Bd8
60. Be6 1/2-1/2

[Event "PRVA LIGA CENTRALNE SRBIJE 2014"]
[Site "Kraljevo"]
[Date "2014.09.13"]
[Round "1.6"]
[White "Popovic, Nenad"]
[Black "Mickovic, Slavisa"]
[Result "1-0"]
[WhiteElo "2263"]
[BlackElo "2104"]
[PlyCount "71"]
[EventDate "2014.09.13"]

1. d4 d5 2. Nf3 Nf6 3. e3 Bf5 4. c4 c6 5. Nbd2 e6 6. a3 Nbd7 7. b4 Be7 8. Qb3
O-O 9. c5 b6 10. Bb2 a5 11. Be2 axb4 12. axb4 Rxa1+ 13. Bxa1 Qa8 14. O-O Rb8
15. Qc3 Ne4 16. Nxe4 Bxe4 17. Nd2 bxc5 18. bxc5 Bg6 19. f4 Qa2 20. Bd3 Nf6 21.
Bxg6 hxg6 22. Qd3 Rb5 23. Bc3 Qa8 24. Ra1 Qb7 25. h3 Nd7 26. Qc2 g5 27. g3 gxf4
28. gxf4 g6 29. Kh1 Nf6 30. Ra3 Bd8 31. Qa2 Ne4 32. Nxe4 dxe4 33. Ra8 Rb1+ 34.
Kg2 Qb5 35. Rxd8+ Kh7 36. Qf2 1-0

[Event "PRVA LIGA CENTRALNE SRBIJE 2014"]
[Site "Kraljevo"]
[Date "2014.09.13"]
[Round "1.6"]
[White "Ilic, Aleksandar"]
[Black "Komnenic, Branko"]
[Result "0-1"]
[WhiteElo "2114"]
[BlackElo "2255"]
[PlyCount "56"]
[EventDate "2014.09.13"]

1. e4 g6 2. d4 Bg7 3. Be3 c5 4. Nc3 Qa5 5. Qd2 cxd4 6. Bxd4 Bxd4 7. Qxd4 Nf6 8.
b4 Qd8 9. Nd5 O-O 10. Nxf6+ exf6 11. Bd3 Re8 12. Ne2 Nc6 13. Qc4 b5 14. Qc3 a5
15. bxa5 b4 16. Qb2 f5 17. exf5 Ba6 18. fxg6 hxg6 19. Kf1 Bxd3 20. cxd3 Rxa5
21. h4 Rae5 22. Ng3 d5 23. d4 R5e6 24. h5 Qf6 25. hxg6 fxg6 26. Rd1 Nxd4 27. f3
Nf5 28. Qf2 Ne3+ 0-1